Holt McDougal Geogia advanced algebra (Record no. 76329)

MARC details
000 -LEADER
fixed length control field 00905nam a2200181 a 4500
008 - FIXED-LENGTH DATA ELEMENTS--GENERAL INFORMATION
fixed length control field 210224s2014 ||||||||||||||||| || u
020 ## - INTERNATIONAL STANDARD BOOK NUMBER
International Standard Book Number 9780547867663
050 ## - LIBRARY OF CONGRESS CALL NUMBER
Classification number QA 152.3 Bur
100 ## - MAIN ENTRY--PERSONAL NAME
Personal name Chard, David J
245 10 - TITLE STATEMENT
Title Holt McDougal Geogia advanced algebra
Statement of responsibility, etc. By Holt McDougal; Edward B. Burger; David J. Chard; Paul A. Kennedy; Steven J. Leinwand; Freddie L. Renfro; Tom W. Roby; Bert K. Waits
260 ## - PUBLICATION, DISTRIBUTION, ETC.
Place of publication, distribution, etc. Florida
Name of publisher, distributor, etc. Houghton Mifflin Harcourt
Date of publication, distribution, etc. 2014
300 ## - PHYSICAL DESCRIPTION
Extent 483 : illustrations
650 #0 - SUBJECT ADDED ENTRY--TOPICAL TERM
Topical term or geographic name entry element ALGEBRA
700 ## - ADDED ENTRY--PERSONAL NAME
Personal name Burger, Edward B
700 ## - ADDED ENTRY--PERSONAL NAME
Personal name McDougal, Holt
995 ## -
-- MAIN LIBRARY OPEN ACCESS
-- 54.19
-- 750816
-- CBU-MAIN LIBRARY (Kitwe)
-- QA 152.3 Bur
-- 2
-- AVAILABLE
-- Mar 5, 2021
-- 750816
-- Main Library Open Access Collection
995 ## -
-- MAIN LIBRARY OPEN ACCESS
-- 51.19
-- 750815
-- CBU-MAIN LIBRARY (Kitwe)
-- QA 152.3 Bur
-- 1
-- AVAILABLE
-- Mar 5, 2021
-- 750815
-- Main Library Open Access Collection
999 ## -
-- 76329
-- 76329
Holdings
Withdrawn status Lost status Source of classification or shelving scheme Damaged status Not for loan Permanent Location Current Location Shelving location Date acquired Total Checkouts Full call number Barcode Date last seen Date last checked out Copy number Price effective from Koha item type
          CBU-MAIN LIBRARY, KITWE. CBU-MAIN LIBRARY, KITWE.   04/25/2023 1 QA 152.3 Bur 750816 05/05/2025 05/05/2025 1 04/25/2023 MONOGRAPH
          CBU-MAIN LIBRARY, KITWE. CBU-MAIN LIBRARY, KITWE.   04/25/2023   QA 152.3 Bur 750815 04/25/2023   2 04/25/2023 MONOGRAPH